NASCAR #20 and #26 drivers - Statistics

General Stats
  • This quiz has been taken 16 times
  • The average score is 6 of 20
Answer Stats
# of starts Answer % Correct
356 Tony Stewart
91%
180 Christopher Bell
82%
110 Erik Jones
82%
178 Matt Kenseth
64%
144 Joey Logano
55%
147 Brett Bodine
36%
144 Jamie McMurray
27%
40 Junior Johnson
27%
58 Ricky Rudd
27%
36 Cole Whitt
18%
70 Jimmy Spencer
18%
66 Johnny Benson Jr
18%
26 Rob Moroso
18%
31 Morgan Shepherd
9%
158 Clyde Lynn
0%
34 Darel Dieringer
0%
14 Emanuel Zervakis
0%
109 Eric Brooks
0%
25 Jack Anderson
0%
73 Rick Newsom
0%
No matching quizzes found
Score Distribution
Percent of People with Each Score
Percentile by Number Answered
Your Score History
You have not taken this quiz